Fish face / (Record no. 353405)

000 -LEADER
fixed length control field 00618 a2200217 4500
003 - CONTROL NUMBER IDENTIFIER
control field OSt
005 - DATE AND TIME OF LATEST TRANSACTION
control field 20180116192406.0
008 - FIXED-LENGTH DATA ELEMENTS--GENERAL INFORMATION
fixed length control field 120613t xxu||||| |||| 00| 0 eng d
010 ## - LIBRARY OF CONGRESS CONTROL NUMBER
LC control number 2004272961
020 ## - INTERNATIONAL STANDARD BOOK NUMBER
International Standard Book Number 0714843016
035 ## - SYSTEM CONTROL NUMBER
System control number (OCoLC)ocm52532525
040 ## - CATALOGING SOURCE
Transcribing agency 0
082 00 - DEWEY DECIMAL CLASSIFICATION NUMBER
Classification number 779.327
100 1# - MAIN ENTRY--PERSONAL NAME
Personal name Doubilet, David,
9 (RLIN) 4615
245 10 - TITLE STATEMENT
Title Fish face /
Statement of responsibility, etc. photographs by David Doubilet.
260 ## - PUBLICATION, DISTRIBUTION, ETC.
Place of publication, distribution, etc. London :
Name of publisher, distributor, etc. Phaidon,
Date of publication, distribution, etc. 2003.
300 ## - PHYSICAL DESCRIPTION
Extent 399 p. :
Other physical details col. ill. ;
Dimensions 19 cm.
650 10 - SUBJECT ADDED ENTRY--TOPICAL TERM
Topical term or geographic name entry element Fishes
9 (RLIN) 4616
942 ## - ADDED ENTRY ELEMENTS (KOHA)
Institution code [OBSOLETE] SADA
Koha item type Book
Call number prefix 779.327 DOU 2003
Source of classification or shelving scheme
952 ## - LOCATION AND ITEM INFORMATION (KOHA)
-- BOOK
Holdings
Withdrawn status Lost status Source of classification or shelving scheme Damaged status Not for loan Permanent Location Current Location Date acquired Total Checkouts Full call number Barcode Date last seen Cost, replacement price Price effective from Koha item type
          School of Art Design and Architecture (SADA) School of Art Design and Architecture (SADA) 06/27/2011   779.327 DOU 2003 SADA0001331 08/05/2011 1011.00 08/05/2011 Book
© 2023 Central Library, National University of Sciences and Technology. All Rights Reserved.